000 01220nam a2200397 c 4500
001 6960
003 ES-MaCES
005 20141221121854.0
008 980518s1996 sp do ||| | spa d
017 _aB-29.832-96
_bDL
020 _a8492179430
035 _aCES19980070276m
040 _aES-MaCES
_bspa
_cES-MaCES
110 2 _aTribunal Laboral de Catalunya
_95061
245 1 0 _aMemoria 1992-1995
_cTribunal Laboral de Catalunya
250 _a1ª ed., 1ª reimp
260 _aBarcelona
_bTribunal Laboral de Catalunya
_c1996
300 _a62 p.
_bfot., gráf. col.
_c30 cm
541 _cGratuito
610 2 4 _aTribunal Laboral de Catalunya
_95061
650 4 _aconflicto de trabajo
_928367
650 4 _aarreglo de conflicto
_927305
650 4 _aconciliación
_927303
650 4 _amediación
_929897
650 4 _aarbitraje
_927302
650 4 _alaudo arbitral
_929860
650 4 _aCataluña
_930774
650 4 _amemoria anual
_928977
650 4 _ainforme de actividades
_928984
650 4 _a1992-1995
_931010
650 4 _ainforme
_928986
653 1 0 _aAdministración-Instituciones públicas
902 _aLIB Libro
942 _2CES
_cBK
_h6.3.
999 _c6960
_d6960